00479nam a22001217a 4500008004100000020001500041050002200056245016000078260004300238300002400281440002200305800003000327140820b xxu||||| |||| 00| 0 eng d a0406096082 aKD276.3.L39(1979) aThe Law Reports(1979): Chancery division and on appeal therefrom in the court of appeal and decisions in the court of protection. /cEdited by: C. J. Ellis aLondon:bButterworth & Co. Ltd,c1979. aviii, 638p.:c24cm. pChancery Division aEllis, C. J.aBray, A. H.